000 00582nam a22002057a 4500
003 NUST - PNEC
005 20170116180856.0
008 150624b xxu||||| |||| 00| 0 eng d
020 _a0070991855
020 _a0070650128
040 _cLIBRARY
082 _a621.3815 TOK
100 _96019
_aTokheim, Roger L.
245 _aSchaum's outline of theory and problems of digital principles
_cTokheim, Roger L.
250 _a2nd ed.
260 _aSingapore:
_bMcGraw-Hill,
_cc1988.
300 _a323 p. :
_c27 cm
650 _96020
_aDigital electronics
_xEL, EE
942 _2ddc
_cBK
999 _c64815
_d64815